[Event "Portuguese Masters"]
[Site "Lisbon"]
[Date "2017.01.21"]
[Round "8"]
[White "Santos, Antonio Pereira"]
[Black "Cordovil, Joao Maria"]
[Result "1/2-1/2"]
[WhiteElo "2264"]
[BlackElo "2141"]
[PlyCount "117"]
[EventDate "2017.01.15"]
[EventType "tourn"]
[EventRounds "9"]
[EventCountry "POR"]
[EventCategory "2"]
[SourceTitle "CBM 176 Extra"]
[Source "ChessBase"]
[SourceDate "2017.03.02"]
[SourceVersion "1"]
[SourceVersionDate "2017.03.02"]
[SourceQuality "1"]

1. d4 d5 2. c4 Nc6 3. Nc3 e6 4. Nf3 Bb4 5. a3 Bxc3+ 6. bxc3 Nge7 7. e3 0-0 8. a4 b6 9. Bd3 h6 10. Ba3 Re8 11. c5 e5 12. dxe5 Bg4 13. cxb6 axb6 14. Bb5 Nxe5 15. Be2 Nxf3+ 16. gxf3 Be6 17. Rg1 c5 18. Bb5 Bd7 19. c4 Bxb5 20. cxb5 Nf5 21. Qd3 Qf6 22. Ra2 Nd4 23. Bb2 Nxf3+ 24. Kf1 d4 25. Rg3 Rad8 26. Ba1 Qe6 27. Rc2 Ne5 28. Qe4 f5 29. Qg2 Re7 30. exd4 Ng4 31. Kg1 cxd4 32. Rc1 d3 33. Rd1 d2 34. Bc3 Qe2 35. Qf1 Qxf1+ 36. Kxf1 Nxh2+ 37. Kg2 Ng4 38. Rxd2 Rxd2 39. Bxd2 Re2 40. Be3 Ra2 41. Bxb6 Rxa4 42. Rb3 Nf6 43. Bc7 Ra7 44. b6 Rb7 45. Ra3 Nd5 46. Ra8+ Kh7 47. Ra7 Rxb6 48. Bxb6 Nxb6 49. Kf3 Nd5 50. Ra5 Ne7 51. Ra7 Ng6 52. Kg3 Kg8 53. f4 Kf8 54. Rb7 Ne7 55. Kh4 g6 56. Rb8+ Kf7 57. Rb7 Kf6 58. Rb6+ Kf7 59. Rb7 1/2-1/2

[Event "Portuguese Masters"]
[Site "Lisbon"]
[Date "2017.01.20"]
[Round "7"]
[White "Cordovil, Joao Maria"]
[Black "Rego, Pedro Filipe"]
[Result "0-1"]
[WhiteElo "2141"]
[BlackElo "2186"]
[PlyCount "128"]
[EventDate "2017.01.15"]
[EventType "tourn"]
[EventRounds "9"]
[EventCountry "POR"]
[EventCategory "2"]
[SourceTitle "CBM 176 Extra"]
[Source "ChessBase"]
[SourceDate "2017.03.02"]
[SourceVersion "1"]
[SourceVersionDate "2017.03.02"]
[SourceQuality "1"]

1. e4 c5 2. Nf3 Nc6 3. Bb5 g6 4. 0-0 Bg7 5. c3 e5 6. d4 cxd4 7. cxd4 exd4 8. Bf4 a6 9. Bc4 Nge7 10. Nbd2 d6 11. Nb3 0-0 12. Nfxd4 Nxd4 13. Nxd4 d5 14. exd5 Nxd5 15. Bxd5 Qxd5 16. Be3 Rd8 17. Re1 Bd7 18. Qf3 Qxf3 19. gxf3 Ba4 20. Ne2 Bxb2 21. Rab1 Bg7 22. Rxb7 Bc6 23. Rb4 Bxf3 24. Rf4 Bd5 25. a4 h6 26. a5 g5 27. Rb4 Re8 28. Rc1 Rac8 29. Rxc8 Rxc8 30. h4 gxh4 31. Rxh4 Kh7 32. Nf4 Rc4 33. Rh5 Bf3 34. Rf5 Kg8 35. Nh5 Bxh5 36. Rxh5 Kh7 37. Rd5 Bc3 38. Rd6 Rg4+ 39. Kf1 Rg6 40. Rd5 Rc6 41. Bb6 Kg6 42. Rd8 h5 43. Ra8 Re6 44. Rxa6 Bxa5 45. Rxa5 Rxb6 46. Kg2 f6 47. Ra8 Rb4 48. Ra5 Rg4+ 49. Kh3 f5 50. Ra8 Kg5 51. Rg8+ Kf4 52. Rh8 Rg5 53. Ra8 Kf3 54. Kh4 Rg2 55. Kxh5 f4 56. Ra4 Rxf2 57. Kg5 Kg3 58. Kf5 Rb2 59. Ra8 f3 60. Ra3 Kg2 61. Kf4 Rb8 62. Ra5 Rf8+ 63. Ke3 f2 64. Ra2 Kg1 0-1

[Event "Portuguese Masters"]
[Site "Lisbon"]
[Date "2017.01.18"]
[Round "5"]
[White "Cordovil, Joao Maria"]
[Black "Padeiro, Jose Joao Tato"]
[Result "1-0"]
[WhiteElo "2141"]
[BlackElo "2307"]
[PlyCount "61"]
[EventDate "2017.01.15"]
[EventType "tourn"]
[EventRounds "9"]
[EventCountry "POR"]
[EventCategory "2"]
[SourceTitle "CBM 176 Extra"]
[Source "ChessBase"]
[SourceDate "2017.03.02"]
[SourceVersion "1"]
[SourceVersionDate "2017.03.02"]
[SourceQuality "1"]

1. d4 c5 2. c3 e6 3. Nf3 Nf6 4. Bf4 b6 5. e3 Bb7 6. Nbd2 Be7 7. Bd3 0-0 8. h4 d6 9. Qe2 Nc6 10. 0-0-0 Qc7 11. dxc5 bxc5 12. Ne4 Nxe4 13. Bxe4 f5 14. Bc2 e5 15. Bb3+ Kh8 16. Ng5 Bxg5 17. hxg5 g6 18. Bg3 Na5 19. Rh4 Nxb3+ 20. axb3 Qe7 21. f4 exf4 22. Bxf4 Rad8 23. g4 fxg4 24. Qxg4 Be4 25. Qg3 d5 26. Be5+ Kg8 27. Bf6 Rxf6 28. gxf6 Qxf6 29. Rf4 Bf5 30. e4 Re8 31. Rxf5 1-0

[Event "Portuguese Masters"]
[Site "Lisbon"]
[Date "2017.01.15"]
[Round "2"]
[White "Galego, Luis"]
[Black "Cordovil, Joao Maria"]
[Result "1-0"]
[WhiteElo "2484"]
[BlackElo "2141"]
[PlyCount "81"]
[EventDate "2017.01.15"]
[EventType "tourn"]
[EventRounds "9"]
[EventCountry "POR"]
[EventCategory "2"]
[SourceTitle "CBM 176 Extra"]
[Source "ChessBase"]
[SourceDate "2017.03.02"]
[SourceVersion "1"]
[SourceVersionDate "2017.03.02"]
[SourceQuality "1"]

1. e4 c6 2. d4 d6 3. Nf3 g6 4. Nc3 Bg7 5. h3 Nh6 6. g4 f6 7. d5 Nf7 8. Nd4 c5 9. Bb5+ Kf8 10. Ne6+ Bxe6 11. dxe6 a6 12. Bc4 Ne5 13. Bd5 Nec6 14. f4 Nd4 15. Bxb7 Ra7 16. Bd5 Nbc6 17. Ne2 Qc8 18. Nxd4 Nxd4 19. f5 h5 20. c3 Nc6 21. gxh5 gxf5 22. exf5 Ne5 23. Bf4 Qe8 24. Bxe5 fxe5 25. Bf3 e4 26. Bxe4 Bf6 27. Qf3 Qa4 28. 0-0 Rh7 29. Kh1 Qe8 30. Rad1 Qxh5 31. Qxh5 Rxh5 32. Rd3 Ke8 33. Rg1 Kd8 34. Rg8+ Kc7 35. Kg2 c4 36. Rdg3 a5 37. Rf8 a4 38. Rxf6 exf6 39. Rg7+ Kb6 40. Rxa7 Kxa7 41. e7 1-0

[Event "Portugal op"]
[Site "Oeiras"]
[Date "2015.08.31"]
[Round "3"]
[White "Ferreira, Joao Pedro Gomes"]
[Black "Cordovil, Joao Maria"]
[Result "0-1"]
[WhiteElo "1817"]
[BlackElo "2160"]
[PlyCount "62"]
[EventDate "2015.08.30"]
[EventType "swiss"]
[EventRounds "9"]
[EventCountry "POR"]
[SourceTitle "EXT 2016"]
[Source "ChessBase"]
[SourceDate "2015.10.08"]
[SourceVersion "1"]
[SourceVersionDate "2015.10.08"]
[SourceQuality "1"]

1. e4 c6 2. d4 d6 3. Be2 g6 4. c3 Bg7 5. Be3 f5 6. exf5 Bxf5 7. Bd3 Qd7 8. Qc2 Nh6 9. h3 Na6 10. Ne2 Nc7 11. Ng3 0-0 12. Nd2 Nd5 13. Nxf5 Nxf5 14. Bxf5 gxf5 15. g3 Qe6 16. 0-0-0 Nxe3 17. fxe3 Qxa2 18. Qd3 e5 19. Rdf1 e4 20. Qe2 Qe6 21. Rf2 Rf7 22. Rhf1 Raf8 23. Kc2 d5 24. b3 Bh6 25. Kb2 Qd6 26. Rg2 Rg7 27. Rfg1 c5 28. Nf1 Rc7 29. Rf2 cxd4 30. cxd4 Rfc8 31. Rgg2 Bf8 0-1

[Event "POR-ch prel"]
[Site "Lisbon"]
[Date "2015.03.11"]
[Round "5"]
[White "Dias, Ivo Rodrigues"]
[Black "Cordovil, Joao Maria"]
[Result "1-0"]
[WhiteElo "2151"]
[BlackElo "2154"]
[PlyCount "59"]
[EventDate "2015.03.08"]
[EventType "swiss"]
[EventRounds "9"]
[EventCountry "POR"]
[SourceTitle "EXT 2018"]
[Source "ChessBase"]
[SourceDate "2017.10.13"]
[SourceVersion "1"]
[SourceVersionDate "2017.10.13"]
[SourceQuality "1"]

1. e4 c5 2. Nf3 a6 3. d4 cxd4 4. Nxd4 b5 5. a4 b4 6. Bg5 Bb7 7. Nd2 h6 8. Bh4 Nc6 9. Nc4 g5 10. Bg3 Bg7 11. Nf5 Kf8 12. a5 d6 13. h4 Nf6 14. f3 Nd7 15. Qd2 f6 16. Ncxd6 exd6 17. Bxd6+ Kf7 18. Qd5+ Kg6 19. h5+ Kh7 20. Qf7 Rg8 21. Qg6+ Kh8 22. Nxh6 Nde5 23. Bxe5 Nxe5 24. Nf7+ Nxf7 25. Qxf7 Qd4 26. h6 Bf8 27. Rd1 Qxb2 28. Bc4 Bc5 29. h7 Qc3+ 30. Kf1 1-0

[Event "POR-chT 52nd"]
[Site "Vila Nova de Gaia"]
[Date "2010.08.01"]
[Round "9.2"]
[White "Diogo, Vasco Andre Marcalo"]
[Black "Cordovil, Joao Maria"]
[Result "1-0"]
[WhiteElo "2293"]
[BlackElo "2224"]
[PlyCount "71"]
[EventDate "2010.07.24"]
[EventType "team-tourn"]
[EventRounds "9"]
[EventCountry "POR"]
[SourceTitle "EXT 2011"]
[Source "ChessBase"]
[SourceDate "2010.11.26"]
[SourceVersion "1"]
[SourceVersionDate "2010.11.26"]
[SourceQuality "1"]
[WhiteTeam "Faro"]
[BlackTeam "Diana"]
[WhiteTeamCountry "POR"]
[BlackTeamCountry "POR"]

1. e4 e5 2. Nf3 d6 3. d4 Qe7 4. Nc3 c6 5. a4 Bg4 6. Be2 Nd7 7. 0-0 Ngf6 8. a5 0-0-0 9. Be3 Kb8 10. b4 h6 11. b5 c5 12. dxe5 Nxe5 13. Nd2 Bxe2 14. Qxe2 Neg4 15. a6 Qe5 16. Nf3 Qxc3 17. axb7 Nxe3 18. fxe3 Rd7 19. b6 Rxb7 20. bxa7+ Ka8 21. Qa6 Be7 22. Rfb1 Qb4 23. Rxb4 cxb4 24. Nd2 Rc8 25. Nc4 Nd7 26. Ra5 Rcc7 27. Rb5 Rxa7 28. Nb6+ Nxb6 29. Qxb6 Rab7 30. Qa5+ Ra7 31. Qxb4 Ra1+ 32. Kf2 Rxc2+ 33. Kg3 Rc8 34. Qd4 Ra6 35. Qd5+ Rcc6 36. Qxf7 1-0

[Event "Lisbon Masters"]
[Site "Lisbon"]
[Date "2010.06.25"]
[Round "7"]
[White "Cordovil, Joao Maria"]
[Black "Santos, Antonio Pereira"]
[Result "1/2-1/2"]
[WhiteElo "2224"]
[BlackElo "2287"]
[PlyCount "104"]
[EventDate "2010.06.19"]
[EventType "tourn"]
[EventRounds "9"]
[EventCountry "POR"]
[SourceTitle "EXT 2013"]
[Source "ChessBase"]
[SourceDate "2012.11.22"]
[SourceVersion "1"]
[SourceVersionDate "2012.11.22"]
[SourceQuality "1"]

1. e4 c5 2. Ne2 Nc6 3. d3 d5 4. Nd2 Nf6 5. g3 e6 6. Bg2 Be7 7. 0-0 0-0 8. h3 b6 9. f4 dxe4 10. Nxe4 Nxe4 11. Bxe4 Bb7 12. Bd2 Qd7 13. Bc3 b5 14. b3 b4 15. Bb2 a5 16. a4 Rad8 17. f5 exf5 18. Bxf5 Qc7 19. Be4 Bg5 20. Kh2 Rfe8 21. Rf5 Be3 22. Qf1 Nd4 23. Bxd4 cxd4 24. Bxb7 Qxb7 25. Rxa5 Qc7 26. Rf5 Qxc2 27. Qd1 Rc8 28. Kh1 Qc6+ 29. Kh2 g6 30. Rf1 h5 31. h4 Re5 32. Ra2 Rc5 33. Nf4 Rc1 34. Qf3 Qxf3 35. Rxf3 Rb1 36. Nd5 Rcc1 37. Nxe3 dxe3 38. Rxe3 Rxb3 39. a5 Ra3 40. Rf2 Rxa5 41. Re8+ Kg7 42. Re7 Rf5 43. Rxf5 gxf5 44. Rb7 Rb1 45. Rb6 Rb2+ 46. Kg1 f6 47. Rb5 Kg6 48. d4 b3 49. d5 f4 50. d6 f3 51. d7 Rd2 52. Rxb3 Rxd7 1/2-1/2

[Event "Lisbon Masters"]
[Site "Lisbon"]
[Date "2010.06.24"]
[Round "6"]
[White "Padeiro, Jose Joao Tato"]
[Black "Cordovil, Joao Maria"]
[Result "1-0"]
[WhiteElo "2277"]
[BlackElo "2224"]
[PlyCount "129"]
[EventDate "2010.06.19"]
[EventType "tourn"]
[EventRounds "9"]
[EventCountry "POR"]
[SourceTitle "EXT 2013"]
[Source "ChessBase"]
[SourceDate "2012.11.22"]
[SourceVersion "1"]
[SourceVersionDate "2012.11.22"]
[SourceQuality "1"]

1. e4 e5 2. Nf3 d6 3. d4 Qe7 4. Nc3 c6 5. g3 Bg4 6. Bg2 h6 7. 0-0 Nd7 8. h3 Bh5 9. Be3 g5 10. Ne2 Ngf6 11. Nd2 Bg7 12. g4 Bg6 13. Ng3 0-0 14. c3 d5 15. Nf5 Bxf5 16. exf5 Rfe8 17. Qb3 b5 18. a4 a6 19. axb5 axb5 20. Rxa8 Rxa8 21. dxe5 Nxe5 22. Qc2 Qd6 23. b4 Re8 24. Bc5 Qb8 25. Bd4 h5 26. f4 gxf4 27. g5 f3 28. Nxf3 Nxf3+ 29. Bxf3 Ne4 30. f6 Qg3+ 31. Qg2 Qxg2+ 32. Kxg2 Bf8 33. g6 Ng5 34. Bxh5 fxg6 35. Bxg6 Re2+ 36. Rf2 Rxf2+ 37. Bxf2 Bd6 38. Be8 Be5 39. Bxc6 Bxc3 40. Bxd5+ Nf7 41. Bc5 Bxf6 42. Bc6 Nd8 43. Bxb5 Nb7 44. Bc4+ Kg7 45. Be3 Nd6 46. Bd3 Bd8 47. b5 Nc8 48. Kg3 Nb6 49. h4 Nd5 50. Bd4+ Kh6 51. Be4 Nb6 52. Kg4 Nc4 53. h5 Bc7 54. Bd5 Bb6 55. Bxb6 Nxb6 56. Bf3 Nc4 57. Kf4 Nb6 58. Ke5 Kg5 59. Be2 Na4 60. Kd4 Kf6 61. Bd1 Nb6 62. Kc5 Nd7+ 63. Kd6 Nb6 64. Bb3 Kg5 65. Kc7 1-0

[Event "POR-ch"]
[Site "Amadora"]
[Date "2009.09.10"]
[Round "6"]
[White "Cordovil, Joao Maria"]
[Black "Ferreira, Jorge Viterbo"]
[Result "1/2-1/2"]
[WhiteElo "2214"]
[BlackElo "2238"]
[PlyCount "78"]
[EventDate "2009.09.05"]
[EventType "tourn"]
[EventRounds "9"]
[EventCountry "POR"]
[EventCategory "3"]
[SourceTitle "CBM 132 Extra"]
[Source "ChessBase"]
[SourceDate "2009.11.03"]
[SourceVersion "1"]
[SourceVersionDate "2009.11.03"]
[SourceQuality "1"]

1. e4 c5 2. Nf3 d6 3. d4 cxd4 4. Nxd4 Nf6 5. Nc3 Nc6 6. Be2 e5 7. Nb3 Be7 8. 0-0 0-0 9. a3 Be6 10. Be3 Na5 11. Nxa5 Qxa5 12. Qd2 Rfc8 13. f3 Qc7 14. Rac1 Bc4 15. Nb5 Bxb5 16. Bxb5 Nd7 17. Be2 a5 18. Bb5 Nb6 19. c4 a4 20. f4 Nd7 21. Bxd7 Qxd7 22. fxe5 Qe6 23. exd6 Bxd6 24. Qd5 Qe7 25. c5 Be5 26. Rc2 Rd8 27. Qc4 Qh4 28. Qxf7+ Kh8 29. g3 Qxe4 30. Qf2 Re8 31. Rd2 Bxg3 32. Qxg3 Qxe3+ 33. Qxe3 Rxe3 34. Rfd1 Kg8 35. Rd8+ Rxd8 36. Rxd8+ Kf7 37. Ra8 Rb3 38. Rxa4 Rxb2 39. Rc4 Ke6 1/2-1/2

[Event "POR-ch"]
[Site "Amadora"]
[Date "2009.09.08"]
[Round "4"]
[White "Cordovil, Joao Maria"]
[Black "Andrade, Jose Manuel Vieira"]
[Result "0-1"]
[WhiteElo "2214"]
[BlackElo "2259"]
[PlyCount "104"]
[EventDate "2009.09.05"]
[EventType "tourn"]
[EventRounds "9"]
[EventCountry "POR"]
[EventCategory "3"]
[SourceTitle "CBM 132 Extra"]
[Source "ChessBase"]
[SourceDate "2009.11.03"]
[SourceVersion "1"]
[SourceVersionDate "2009.11.03"]
[SourceQuality "1"]

1. e4 e5 2. Nf3 Nc6 3. Bb5 a6 4. Bxc6 dxc6 5. 0-0 Bg4 6. h3 h5 7. d4 Bxf3 8. Qxf3 Qxd4 9. Nc3 Qd6 10. Be3 Qe6 11. Rfd1 Be7 12. Qg3 Nf6 13. f4 h4 14. Qf3 Nd7 15. f5 Qf6 16. Rd2 0-0-0 17. Kh1 g5 18. Nd1 Nb8 19. Nf2 Rxd2 20. Bxd2 Qg7 21. b4 Rd8 22. Bc3 f6 23. a4 Qf7 24. Qe2 Nd7 25. b5 Nb8 26. Ng4 Bc5 27. Be1 Qd7 28. c3 Be7 29. bxa6 Nxa6 30. Nf2 Bc5 31. Rd1 Qf7 32. Rxd8+ Kxd8 33. Ng4 Nb8 34. Bf2 Be7 35. c4 Nd7 36. a5 Nc5 37. Kh2 Na6 38. Be1 Kc8 39. Bc3 Qe8 40. g3 hxg3+ 41. Kxg3 Qd8 42. Nf2 Nc5 43. h4 gxh4+ 44. Kxh4 Qg8 45. Bd2 Qg2 46. Be1 Qh2+ 47. Kg4 Nb3 48. Qe3 Qg1+ 49. Kh3 Bc5 50. Qxb3 Qf1+ 51. Kh2 Qxe1 52. Nd3 Qh4+ 0-1

[Event "POR-ch"]
[Site "Amadora"]
[Date "2009.09.07"]
[Round "3"]
[White "Fernandes, Antonio ETG"]
[Black "Cordovil, Joao Maria"]
[Result "1-0"]
[WhiteElo "2409"]
[BlackElo "2214"]
[PlyCount "59"]
[EventDate "2009.09.05"]
[EventType "tourn"]
[EventRounds "9"]
[EventCountry "POR"]
[EventCategory "3"]
[SourceTitle "CBM 132 Extra"]
[Source "ChessBase"]
[SourceDate "2009.11.03"]
[SourceVersion "1"]
[SourceVersionDate "2009.11.03"]
[SourceQuality "1"]

1. d4 d5 2. c4 c6 3. Nf3 Nf6 4. Nc3 a6 5. e3 g6 6. Bd3 Bg7 7. 0-0 0-0 8. Qc2 b5 9. b3 Nbd7 10. e4 b4 11. Na4 Nb6 12. e5 Ne8 13. Nxb6 Qxb6 14. h3 Nc7 15. a3 Ne6 16. c5 Qb8 17. axb4 Qxb4 18. Ra4 Qb7 19. Ng5 Nc7 20. f4 Rb8 21. b4 f5 22. exf6 exf6 23. Nxh7 Kxh7 24. Bxg6+ Kg8 25. f5 Bd7 26. Qd1 Rfe8 27. Qh5 Kf8 28. Qh7 Re7 29. Bh6 Rf7 30. Re1 1-0

[Event "POR-ch"]
[Site "Amadora"]
[Date "2009.09.05"]
[Round "1"]
[White "Cordovil, Joao Maria"]
[Black "Viela, Andre Filipe Folha"]
[Result "1-0"]
[WhiteElo "2214"]
[BlackElo "2219"]
[PlyCount "91"]
[EventDate "2009.09.05"]
[EventType "tourn"]
[EventRounds "9"]
[EventCountry "POR"]
[EventCategory "3"]
[SourceTitle "CBM 132 Extra"]
[Source "ChessBase"]
[SourceDate "2009.11.03"]
[SourceVersion "1"]
[SourceVersionDate "2009.11.03"]
[SourceQuality "1"]

1. d4 Nf6 2. Nc3 d5 3. Bg5 e6 4. e4 dxe4 5. Nxe4 Be7 6. Bxf6 Bxf6 7. Nf3 0-0 8. Nxf6+ Qxf6 9. Bd3 c5 10. c3 cxd4 11. Nxd4 e5 12. Ne2 Bf5 13. Bxf5 Qxf5 14. 0-0 Qe6 15. Re1 Qb6 16. b4 a5 17. a3 Qc7 18. Qb3 Nc6 19. Rad1 Rfd8 20. Rxd8+ Rxd8 21. Rd1 g6 22. Ng3 axb4 23. axb4 Rxd1+ 24. Qxd1 Qd8 25. Qxd8+ Nxd8 26. Ne4 Kf8 27. Kf1 Ke7 28. Ke2 f5 29. Nc5 Kd6 30. Kd3 b6 31. Nb3 Ne6 32. g3 Ng5 33. Nd2 b5 34. c4 bxc4+ 35. Nxc4+ Kd5 36. Nxe5 Ne4 37. f4 Nd6 38. Nd7 h6 39. Nb6+ Ke6 40. Nc4 Nc8 41. Kd4 g5 42. b5 gxf4 43. gxf4 Ne7 44. Kc5 Kd7 45. b6 Ng6 46. Ne5+ 1-0

[Event "Lisbon Mestres"]
[Site "Lisbon"]
[Date "2009.06.25"]
[Round "6"]
[White "Cordovil, Joao Maria"]
[Black "Pereira, Ruben Miguel Nunes"]
[Result "0-1"]
[WhiteElo "2237"]
[BlackElo "2422"]
[PlyCount "79"]
[EventDate "2009.06.20"]
[EventType "tourn"]
[EventRounds "9"]
[EventCountry "POR"]
[SourceTitle "EXT 2018"]
[Source "ChessBase"]
[SourceDate "2017.10.13"]
[SourceVersion "1"]
[SourceVersionDate "2017.10.13"]
[SourceQuality "1"]

1. e4 c5 2. Nf3 d6 3. d4 cxd4 4. Nxd4 Nf6 5. Nc3 a6 6. Qf3 e6 7. g4 h6 8. g5 hxg5 9. Bxg5 Be7 10. 0-0-0 Qc7 11. Bg2 Nc6 12. Nxc6 Qxc6 13. Qe2 b5 14. f4 Bb7 15. Rd2 b4 16. Bxf6 gxf6 17. Nd1 a5 18. Ne3 Qc5 19. e5 0-0-0 20. Bxb7+ Kxb7 21. exf6 Bxf6 22. Nc4 Rh4 23. Rhd1 d5 24. Ne5 Bxe5 25. fxe5 Re4 26. Qxe4 dxe4 27. Rxd8 Qxe5 28. R1d6 Qf4+ 29. Kb1 Qf1+ 30. Rd1 Qf3 31. R1d6 Qh1+ 32. Rd1 Qxh2 33. R1d6 Qg1+ 34. Rd1 Qg5 35. R1d6 Kc7 36. R8d7+ Kc8 37. Rd1 e3 38. R7d3 e2 39. Rd8+ Kb7 40. R1d2 0-1

[Event "Lisbon Mestres"]
[Site "Lisbon"]
[Date "2009.06.20"]
[Round "1"]
[White "Padeiro, Jose Joao Tato"]
[Black "Cordovil, Joao Maria"]
[Result "1-0"]
[WhiteElo "2230"]
[BlackElo "2237"]
[PlyCount "49"]
[EventDate "2009.06.20"]
[EventType "tourn"]
[EventRounds "9"]
[EventCountry "POR"]
[SourceTitle "EXT 2018"]
[Source "ChessBase"]
[SourceDate "2017.10.13"]
[SourceVersion "1"]
[SourceVersionDate "2017.10.13"]
[SourceQuality "1"]

1. d4 d5 2. c4 c6 3. Nc3 Nf6 4. e3 g6 5. Bd3 Bg7 6. Nge2 a6 7. 0-0 0-0 8. e4 dxe4 9. Nxe4 Nxe4 10. Bxe4 Bg4 11. f3 Be6 12. d5 cxd5 13. cxd5 Qb6+ 14. Kh1 Rd8 15. Bg5 f6 16. Bh4 Nc6 17. Bf2 Qxb2 18. Nf4 Bf7 19. Nd3 Qa3 20. dxc6 f5 21. cxb7 fxe4 22. bxa8Q Rxa8 23. Ne1 Bc4 24. Rc1 Bxf1 25. Qd5+ 1-0

[Event "Lisbon National-A"]
[Site "Lisbon"]
[Date "2008.??.??"]
[Round "6"]
[White "Cordovil, Joao Maria"]
[Black "Dias, Paulo Jorge Guimara"]
[Result "0-1"]
[WhiteElo "2223"]
[BlackElo "2440"]
[PlyCount "105"]
[EventDate "2008.06.26"]
[EventType "tourn"]
[EventRounds "9"]
[EventCountry "POR"]
[EventCategory "4"]
[SourceTitle "EXT 2011"]
[Source "ChessBase"]
[SourceDate "2010.11.26"]
[SourceVersion "1"]
[SourceVersionDate "2010.11.26"]
[SourceQuality "1"]

1. d4 Nf6 2. Nc3 d5 3. Bg5 g6 4. Qd2 Be6 5. Bh6 Bxh6 6. Qxh6 c5 7. e3 Nc6 8. Bb5 Qc7 9. Nge2 0-0-0 10. f3 Rhg8 11. Bxc6 Qxc6 12. h4 Kb8 13. g4 Ka8 14. Qf4 c4 15. a4 Ne8 16. Nb5 Nd6 17. Nec3 Rd7 18. e4 a6 19. g5 Kb8 20. Nxd6 Rxd6 21. exd5 Bxd5 22. Ne4 Bxe4 23. fxe4 e5 24. dxe5 Rd4 25. 0-0 Rxe4 26. Qg3 Ka8 27. Rae1 Rxe1 28. Qxe1 Qc5+ 29. Kh2 Qd5 30. Qe3 Re8 31. Re1 Rd8 32. Kg3 Qe6 33. Re2 Rd5 34. Qf4 Qd7 35. Re4 Rd1 36. Rxc4 Rh1 37. Kf2 Qh3 38. Ke2 Rg1 39. Re4 Qg2+ 40. Kd3 Rf1 41. Qg4 Rf3+ 42. Kd4 Qd2+ 43. Kc5 Qxc2+ 44. Rc4 Qe2 45. Kd6 Rd3+ 46. Ke7 Qxe5+ 47. Kxf7 Ka7 48. Qc8 Rf3+ 49. Kg8 Rf5 50. b4 Qe7 51. a5 Rd5 52. Rc5 Rf5 53. Rc4 0-1

[Event "Lisbon National-A"]
[Site "Lisbon"]
[Date "2008.??.??"]
[Round "9"]
[White "Cordovil, Joao Maria"]
[Black "Reis, Luis Sousa"]
[Result "0-1"]
[WhiteElo "2223"]
[BlackElo "2253"]
[PlyCount "92"]
[EventDate "2008.06.26"]
[EventType "tourn"]
[EventRounds "9"]
[EventCountry "POR"]
[EventCategory "4"]
[SourceTitle "EXT 2011"]
[Source "ChessBase"]
[SourceDate "2010.11.26"]
[SourceVersion "1"]
[SourceVersionDate "2010.11.26"]
[SourceQuality "1"]

1. d4 d5 2. Nc3 Nf6 3. Bg5 Bf5 4. f3 Nbd7 5. Nxd5 Nxd5 6. e4 h6 7. Bh4 N7b6 8. Qd2 Bh7 9. exd5 Qxd5 10. Bd3 Nc4 11. Bxc4 Qxc4 12. Ne2 Qxc2 13. Qxc2 Bxc2 14. Rc1 Ba4 15. Bg3 Rc8 16. Rxc7 Rxc7 17. Bxc7 Kd7 18. Bf4 e6 19. Kf2 Be7 20. Rc1 Rc8 21. Rxc8 Kxc8 22. b3 Bb5 23. Nc3 Be8 24. Ke2 b6 25. Kd3 Bc6 26. h3 a6 27. a4 g5 28. Be3 b5 29. axb5 axb5 30. Bd2 f5 31. d5 exd5 32. Kd4 Bb4 33. Nb1 Bf8 34. Nc3 Bb4 35. Nb1 Be7 36. Ke5 f4 37. Ke6 Bc5 38. Ke5 b4 39. h4 Kd7 40. hxg5 hxg5 41. Be1 Bd6+ 42. Kf5 Be7 43. Bf2 Bb5 44. Nd2 Bd3+ 45. Ke5 Kc6 46. g3 Bc5 0-1

[Event "POR-ch prel"]
[Site "Lisbon"]
[Date "2007.08.17"]
[Round "7"]
[White "Cordovil, Joao Maria"]
[Black "Pires, Gustavo"]
[Result "1-0"]
[WhiteElo "2221"]
[BlackElo "1935"]
[PlyCount "51"]
[EventDate "2007.08.11"]
[EventType "swiss"]
[EventRounds "9"]
[EventCountry "POR"]
[SourceTitle "EXT 2022"]
[Source "ChessBase"]
[SourceDate "2021.10.06"]
[SourceVersion "1"]
[SourceVersionDate "2021.10.06"]
[SourceQuality "1"]

1. e4 c5 2. Nf3 d6 3. d4 cxd4 4. Nxd4 Nf6 5. Nc3 g6 6. Be3 Bg7 7. f3 0-0 8. Qd2 Nc6 9. 0-0-0 Bd7 10. g4 Rb8 11. Be2 Nxd4 12. Bxd4 b5 13. g5 Nh5 14. Bxg7 Nxg7 15. f4 b4 16. Nd5 a5 17. h4 Nh5 18. Bxh5 gxh5 19. f5 a4 20. Qe2 b3 21. cxb3 axb3 22. a3 Ra8 23. Kb1 Ra5 24. Qxh5 Bxf5 25. exf5 Qa8 26. g6 1-0

[Event "Lisbon-ch final"]
[Site "Lisbon"]
[Date "2007.06.29"]
[Round "9"]
[White "Cordovil, Joao Maria"]
[Black "Leite Oralova, Catarina"]
[Result "1-0"]
[WhiteElo "2219"]
[BlackElo "2232"]
[PlyCount "97"]
[EventDate "2007.06.15"]
[EventType "swiss"]
[EventRounds "9"]
[EventCountry "POR"]
[SourceTitle "EXT 2018"]
[Source "ChessBase"]
[SourceDate "2017.10.13"]
[SourceVersion "1"]
[SourceVersionDate "2017.10.13"]
[SourceQuality "1"]

1. e4 e5 2. Nf3 Nc6 3. Bb5 Nd4 4. Nxd4 exd4 5. 0-0 c6 6. Be2 Bc5 7. d3 Ne7 8. Nd2 0-0 9. c3 Bb6 10. c4 c5 11. f4 f5 12. e5 d6 13. exd6 Qxd6 14. Bf3 Rb8 15. a3 Ba5 16. b4 Bb6 17. Nb3 Nc6 18. Bd2 Re8 19. b5 Ne7 20. a4 Bc7 21. a5 Bd7 22. g3 h6 23. Qb1 b6 24. Qb2 Kh7 25. Rfe1 Ng8 26. Rxe8 Rxe8 27. Re1 Rxe1+ 28. Bxe1 Qe7 29. Qe2 Qf6 30. a6 g5 31. fxg5 hxg5 32. Bd2 Ne7 33. Bg2 Kg6 34. Nc1 Nc8 35. Qf3 Qe5 36. Ne2 Be6 37. Qf1 Bd7 38. h4 Bd8 39. hxg5 Bxg5 40. Bxg5 Kxg5 41. Nf4 Qh8 42. Nh3+ Kf6 43. Qf4 Qg7 44. Qh4+ Ke5 45. Nf4 Kd6 46. Nd5 Be6 47. Qd8+ Qd7 48. Qf8+ Ke5 49. Qf6+ 1-0

[Event "Lisbon-ch final"]
[Site "Lisbon"]
[Date "2007.06.22"]
[Round "5"]
[White "Cordovil, Joao Maria"]
[Black "Sukhov, Andrey"]
[Result "0-1"]
[WhiteElo "2219"]
[BlackElo "2120"]
[PlyCount "88"]
[EventDate "2007.06.15"]
[EventType "swiss"]
[EventRounds "9"]
[EventCountry "POR"]
[SourceTitle "EXT 2018"]
[Source "ChessBase"]
[SourceDate "2017.10.13"]
[SourceVersion "1"]
[SourceVersionDate "2017.10.13"]
[SourceQuality "1"]

1. e4 c5 2. Nf3 d6 3. Nc3 a6 4. d4 cxd4 5. Nxd4 Nf6 6. Bg5 e6 7. f4 Nbd7 8. Qd2 Qc7 9. 0-0-0 b5 10. Bxf6 Nxf6 11. Bd3 Bb7 12. Rhe1 0-0-0 13. Qe2 d5 14. e5 Nd7 15. f5 Nc5 16. fxe6 b4 17. Nb1 fxe6 18. Nd2 Qb6 19. N2f3 Be7 20. Kb1 Kb8 21. Qe3 h6 22. Nb3 a5 23. Bg6 Rhf8 24. Qd4 Ka7 25. Nxc5 Bxc5 26. Qg4 Bf2 27. Re2 Ba6 28. Bd3 g5 29. Qh5 Bb7 30. h3 Be3 31. Nh2 a4 32. Qxh6 a3 33. Ng4 Bf4 34. c3 bxc3 35. b3 d4 36. Qh7 Rc8 37. Qe7 Kb8 38. Kc2 Rfe8 39. Qxa3 Rc5 40. Nf6 Rd8 41. Qa4 Ra5 42. Nd7+ Rxd7 43. Qxd7 Rxa2+ 44. Kb1 Qxb3+ 0-1